000 00650 a2200205 4500
005 20260121110134.0
008 260119b |||||||| |||| 00| 0 eng d
020 _a9781032963815
_cRs. 2995.00
040 _aMAIN
082 _a570.113
_bR141I
100 _aRaman, Karthik
245 _a Introduction to computational systems biology: System-level modelling of cellular networks
260 _bCRC Press
_c2025
_aBoca Raton
300 _axvi, 336
440 _aChapman and Hall/CRC computational biology series
650 _aBiological System
650 _aMoleculer Biology- Data Processing
650 _aComputational Biology
942 _cBK
999 _c395707
_d395707